Effect of KNO3 dose in hydropnic solution on non heaing chinese cabbage at royal university og agriculture's crop station, (ប្រសិទ្ធភាពនៃកំហាប់ប៉ូតាស្យូមនីត្រាតក្នុងសូលុយស្យុងអ៊ីដ្រូប៉ូនិកទៅលើដំណាំស្ពៃក្រញ់ាញ់នៅវិទ្យាល័យភូមិន្ធកសិកម្ម). (Record no. 729)

000 -LEADER
fixed length control field 00738nam a22001337a 4500
040 ## - CATALOGING SOURCE
Transcribing agency RUA
082 ## - DEWEY DECIMAL CLASSIFICATION NUMBER
Classification number AGR SOU 2006 BO33 Or.1
100 ## - MAIN ENTRY--AUTHOR NAME
Personal name SOU SOCHEAT
245 ## - TITLE STATEMENT
Title Effect of KNO3 dose in hydropnic solution on non heaing chinese cabbage at royal university og agriculture's crop station, (ប្រសិទ្ធភាពនៃកំហាប់ប៉ូតាស្យូមនីត្រាតក្នុងសូលុយស្យុងអ៊ីដ្រូប៉ូនិកទៅលើដំណាំស្ពៃក្រញ់ាញ់នៅវិទ្យាល័យភូមិន្ធកសិកម្ម).
260 ## - PUBLICATION, DISTRIBUTION, ETC. (IMPRINT)
Place of publication PHNOM PHEN
Name of publisher RUA
Year of publication 2006
300 ## - PHYSICAL DESCRIPTION
Number of Pages XIII,36P.
Other physical details ILL.
Dimensions 29CM.
856 ## - ELECTRONIC LOCATION AND ACCESS
Uniform Resource Identifier DOS SOCHEAT
942 ## - ADDED ENTRY ELEMENTS (KOHA)
Koha item type AGR
952 ## - LOCATION AND ITEM INFORMATION (KOHA)
Withdrawn status [LOCAL, KOHA] 0
Holdings
Permanent Location Date acquired Koha item type Lost status Shelving location Barcode Current Location Full call number
Library Block B2015-09-18AGR B033RUA002708Library Block BAGR SOU 2006 BO33 Or.1
មជ្ឈមណ្ឌលឯការនៃសាកលវិទ្យាល័យភូមិន្ទកសិកម្មចំការដូង

Powered by Koha